<?xml version="1.0" encoding="UTF-8"?>
<marc:record xmlns:marc="http://www.loc.gov/MARC21/slim">
   <marc:leader>00000nam a2200000 a 4500</marc:leader>
   <marc:datafield ind1="1" ind2=" " tag="100">
      <marc:subfield code="a">Roberts, Nora</marc:subfield>
      <marc:subfield code="4">aut</marc:subfield>
      <marc:subfield code="e">Verfasser/-in</marc:subfield>
   </marc:datafield>
   <marc:datafield ind1="1" ind2=" " tag="100">
      <marc:subfield code="a">Pée, Margarethe</marc:subfield>
      <marc:subfield code="4">trl</marc:subfield>
      <marc:subfield code="e">Übersetzer/-in</marc:subfield>
   </marc:datafield>
   <marc:datafield ind1="0" ind2="0" tag="245">
      <marc:subfield code="a">Im Schutz der Nacht</marc:subfield>
   </marc:datafield>
   <marc:datafield ind1="0" ind2="0" tag="245">
      <marc:subfield code="b">Roman</marc:subfield>
   </marc:datafield>
   <marc:datafield ind1="0" ind2="0" tag="245">
      <marc:subfield code="c">Nora Roberts. Margarethe Pée</marc:subfield>
   </marc:datafield>
   <marc:datafield ind1=" " ind2="1" tag="264">
      <marc:subfield code="a">München</marc:subfield>
      <marc:subfield code="b">Blanvalet</marc:subfield>
      <marc:subfield code="c">2023</marc:subfield>
   </marc:datafield>
   <marc:datafield ind1="1" ind2=" " tag="520">
      <marc:subfield code="a">Harry Booth ist noch ein Kind, als seine Mutter schwer erkrankt. Um die hohen Arztrechnungen zu bezahlen, bricht er nachts in leerstehende Villen ein. Er ist klug, talentiert &#x96; und bald süchtig nach dem Adrenalinrausch. Nach dem Tod seiner Mutter taucht Harry unter und lebt als Dieb nach festen Regeln: nie Aufsehen erregen, schnell verschwinden, nur von den Reichen nehmen.#Bis er auf Miranda Emerson trifft und über die Liebe zu ihr alle Vorsicht vergisst. Ausgerechnet jetzt spürt ihn ein früherer Auftraggeber auf: Carter LaPorte sieht in Harry nur ein Werkzeug, das er mit allen Mitteln gefügig machen darf. Harry weiß, wie wenig Zeit ihm und Miranda bleibt, bevor LaPorte Jagd auf sie machen wird. Er trifft eine einsame Entscheidung ...</marc:subfield>
   </marc:datafield>
   <marc:datafield ind1=" " ind2=" " tag="020">
      <marc:subfield code="a">9783734113291</marc:subfield>
      <marc:subfield code="9">9783734113291</marc:subfield>
   </marc:datafield>
   <marc:datafield ind1=" " ind2=" " tag="041">
      <marc:subfield code="a">ger</marc:subfield>
   </marc:datafield>
   <marc:datafield ind1=" " ind2=" " tag="300">
      <marc:subfield code="a">605 S.</marc:subfield>
   </marc:datafield>
</marc:record>
